Loosening the grip a handbook of alcohol information

Sparad:
Bibliografiska uppgifter
Huvudupphovsman: Kinney, Jean 1943-
Övriga upphovsmän: 1963- 1945-
Materialtyp: Bok
Språk:English
Publicerad: New York McGraw-Hill 2012
Upplaga:10th ed.
Ämnen:
Taggar: Lägg till en tagg
Inga taggar, Lägg till första taggen!
Thư viện lưu trữ: Mạng thư viện Đại học Đà Nẵng
LEADER 01351nam a2200385 4500
001 000023465
003 19916
005 20151210151257.0
008 151210s2012 engsd
020 |a 9780073404684 (alk. paper) 
041 0 |a eng 
082 1 4 |a 362.292  |b KI-J 
100 1 |a Kinney, Jean  |d 1943- 
245 1 0 |a Loosening the grip  |b a handbook of alcohol information  |c Jean Kinney 
250 |a 10th ed. 
260 |a New York  |b McGraw-Hill  |c 2012 
300 |a xxiv, 663 p.  |b ill.  |c 23 cm. 
504 |a Includes bibliographical references and index 
650 0 |a Alcoholism  |v Handbooks, manuals, etc.  |z United States 
650 0 |a Alcoholism  |v Handbooks, manuals, etc.  |x Treatment  |z United States 
650 2 |a Alcoholism  |x therapy 
650 2 |a Alcohol Drinking  |x psychology 
653 |a Nghiện rượu 
653 |a An sinh xã hội 
700 1 |d 1963-  |d 1945-  |q Pamela A. 
OWN |a LSP 
AVA |a UDN50  |b LSP  |d 362.292 KI-J  |e available  |t Error 5001 Not defined in file expand_doc_bib_avail.  |f 1  |g 0  |h N  |i 0  |k 1 
999 |a From the UDN01 
AVA |a UDN50  |b LSP  |d 362.292 KI-J  |e available  |t Error 5001 Not defined in file expand_doc_bib_avail.  |f 1  |g 0  |h N  |i 0  |k 1 
TYP |a Monograph 
TYP |a Printed language 
980 |a Mạng thư viện Đại học Đà Nẵng